<?xml version="1.0" encoding="UTF-8"?>
<record
    xmlns:xsi="http://www.w3.org/2001/XMLSchema-instance"
    xsi:schemaLocation="http://www.loc.gov/MARC21/slim http://www.loc.gov/standards/marcxml/schema/MARC21slim.xsd"
    xmlns="http://www.loc.gov/MARC21/slim">

  <leader>01734naa a22002537a 4500</leader>
  <controlfield tag="001">7195</controlfield>
  <controlfield tag="003">KOSZ 005</controlfield>
  <controlfield tag="005">20190610114406.0</controlfield>
  <controlfield tag="008">141020b2010    pl a|||| |||| 10| 0 pol  </controlfield>
  <datafield tag="040" ind1=" " ind2=" ">
    <subfield code="c">BPP</subfield>
    <subfield code="d">KOSZ 005/EG</subfield>
  </datafield>
  <datafield tag="041" ind1=" " ind2=" ">
    <subfield code="a">pol</subfield>
    <subfield code="b">eng</subfield>
  </datafield>
  <datafield tag="044" ind1=" " ind2=" ">
    <subfield code="a">pl</subfield>
  </datafield>
  <datafield tag="080" ind1=" " ind2=" ">
    <subfield code="a">621.92</subfield>
  </datafield>
  <datafield tag="100" ind1="1" ind2=" ">
    <subfield code="a">NADOLNY, Krzysztof.</subfield>
    <subfield code="d">2006 - .</subfield>
    <subfield code="b">Politechnika Koszali&#x144;ska - Wydzia&#x142; Mechaniczny,</subfield>
    <subfield code="c">Katedra In&#x17C;ynierii Produkcji</subfield>
  </datafield>
  <datafield tag="245" ind1="1" ind2="0">
    <subfield code="a">Analiza warunk&#xF3;w pracy ziaren &#x15B;ciernych na czynnej powierzchni &#x15B;ciernicy metod&#x105; szlifowania wg&#x142;&#x119;bnego = </subfield>
    <subfield code="b">Analysis of working conditions of abrasive grains placed on grinding wheel active surface using plunge grinding method / </subfield>
    <subfield code="c">Krzysztof Nadolny, Jaros&#x142;aw Plichta.</subfield>
  </datafield>
  <datafield tag="500" ind1=" " ind2=" ">
    <subfield code="a">Dane z autopsji.</subfield>
  </datafield>
  <datafield tag="520" ind1=" " ind2=" ">
    <subfield code="a">W artykule przedstawiono charakterystyk&#x119; autorskiej metody oceny warunk&#xF3;w pracy ziaren &#x15B;ciernych w strefie szlifowania. Scharakteryzowano dwie odmiany metody. Pierwsza z nich polega na wcinaniu w materia&#x142; szlifowany &#x15B;ciernicy z nakrojem sto&#x17C;kowym. W drugiej odmianie wcinana jest &#x15B;ciernica ze stopniami o r&#xF3;&#x17C;nej &#x15B;rednicy ukszta&#x142;towanymi na jej czynnej powierzchni. W pracy opisano przyk&#x142;ad zastosowania metody w procesie szlifowania walcowych powierzchni wewn&#x119;trznych w skali 100Cr6.</subfield>
  </datafield>
  <datafield tag="655" ind1=" " ind2="0">
    <subfield code="a">Materia&#x142;y konferencyjne.</subfield>
  </datafield>
  <datafield tag="650" ind1=" " ind2="0">
    <subfield code="a">Szlifowanie</subfield>
  </datafield>
  <datafield tag="650" ind1=" " ind2="0">
    <subfield code="a">&#x15A;ciernica</subfield>
  </datafield>
  <datafield tag="700" ind1="1" ind2=" ">
    <subfield code="a">PLICHTA, Jaros&#x142;aw.</subfield>
    <subfield code="d">1996 - .</subfield>
    <subfield code="b">Politechnika Koszali&#x144;ska - Wydzia&#x142; Mechaniczny,</subfield>
    <subfield code="c">Katedra In&#x17C;ynierii Produkcji</subfield>
  </datafield>
  <datafield tag="773" ind1="0" ind2=" ">
    <subfield code="i">W :</subfield>
    <subfield code="t">Podstawy i technika obr&#xF3;bki &#x15B;ciernej / pod red. A. Go&#x142;&#x105;bczaka i B. Kruszy&#x144;skiego. -</subfield>
    <subfield code="d">&#x141;&#xF3;d&#x17A; : Politechnika &#x141;&#xF3;dzka, 2010. -</subfield>
    <subfield code="g">s. 165-176</subfield>
    <subfield code="k">Monografia Wydzia&#x142;u Mechanicznego / Politechnika &#x141;&#xF3;dzka</subfield>
  </datafield>
  <datafield tag="942" ind1=" " ind2=" ">
    <subfield code="c">ROZ</subfield>
    <subfield code="2">UKD</subfield>
  </datafield>
  <datafield tag="999" ind1=" " ind2=" ">
    <subfield code="c">7195</subfield>
    <subfield code="d">7195</subfield>
  </datafield>
  <datafield tag="952" ind1=" " ind2=" ">
    <subfield code="0">0</subfield>
    <subfield code="1">0</subfield>
    <subfield code="4">0</subfield>
    <subfield code="7">0</subfield>
    <subfield code="a">BPK</subfield>
    <subfield code="b">BPK</subfield>
    <subfield code="o">104285</subfield>
    <subfield code="y">ROZ</subfield>
  </datafield>
</record>
